Štyri svadby v Báčskom Petrovci

Podrobná bibliografia
Hlavný autor: Vagaday, Ladislav, 1945-2013 (Autor)
Médium: Článok
Jazyk:slovenčina
ISSN:0323-2883
Predmet:

MARC

LEADER 00000nab a2200000 a 4500
001 vtls008952973
003 SK-MaSNL
005 20260303200344.0
008 140417c2006 xo qr|p|||||||000 b|slo
015 |a SNBRB2007/03  |2 snkbucl 
038 |a SNKBUCL 
040 |a SNKBUCL  |b slo  |c SNKBUCL  |e AACR2 
041 0 |a slo 
044 |a xo  |c SK 
080 |a 792.077  |x (=162.4)  |x (497.11)  |2 2001 
080 |a 323.113  |x (=162.4)  |x (497.11)  |2 2001 
100 1 |a Vagaday, Ladislav,  |d 1945-2013  |4 aut  |9 170878 
245 1 0 |a Štyri svadby v Báčskom Petrovci  |c Ladislav Vagaday 
610 2 7 |a Slovenské vojvodinské divadlo  |2 SNKKA  |9 31586 
650 0 7 |a ochotnícke divadlo  |2 SNKPH  |9 3349 
651 7 |a Vojvodina (Srbsko)  |2 snkbucl  |9 27375 
651 7 |a Petrovec (Srbsko)  |2 snkbucl  |9 175238 
773 0 |t Javisko  |g Roč. 38, č. 4 (2006), s. 43  |x 0323-2883 
852 |a SNK  |b KIS3GCP 
958 |a SK 
958 |a YU 
999 |c 2167802  |d 2169732